00542 2200217 4500001002100000005001500021035002000036007000300056008004100059020001500100082001100115084001700126100001400143245005200157250001100209260004000220300003700260990000900297990000900306990000900315INLIS00000000001110820220322083013 a0010-0322000287ta220322 g 0 ind  a9793084782 a639.31 a639.31 KHA m0 aKHAIRUMAN1 aMembuat Pakan Ikan Konsumsi /cKhairuman, A. Md aCet. 1 aJakarta :bAgroMedia Pustaka,c2002 aviii, 83 hlm :b.ilus ;c23,5 cm a373A a373B a373C